| 000 | 00602nam a2200229Ia 4500 | ||
|---|---|---|---|
| 005 | 20241216010359.0 | ||
| 008 | 180423s9999||||xx |||||||||||||| ||und|| | ||
| 020 | _a84-283-1848-4 | ||
| 082 |
_a332.03 _bG48 |
||
| 100 | _aGIL ESTEBAN, RAFAEL | ||
| 245 | 0 |
_aDICCIONARIO BANCARIO ESPAÑOL - INGLES _bENGLISH - SPANISH BANKING DICTIONARY |
|
| 250 | _a0 | ||
| 260 |
_aESPAÑA _bPARANINFO _c1993 |
||
| 300 |
_a457 pag _c22 cm |
||
| 341 | _h0 | ||
| 490 |
_v0 _a0 |
||
| 505 | _aBANCARIO-DICCIONARIO | ||
| 541 |
_aC _d27-Jun-96 |
||
| 650 | _aCIENCIAS SOCIALES | ||
| 856 | _zReferencia | ||
| 942 | _cLIBRO | ||
| 999 |
_c12911 _d12911 |
||